<?xml version="1.0" encoding="UTF-8"?>
<record
    xmlns:xsi="http://www.w3.org/2001/XMLSchema-instance"
    xsi:schemaLocation="http://www.loc.gov/MARC21/slim http://www.loc.gov/standards/marcxml/schema/MARC21slim.xsd"
    xmlns="http://www.loc.gov/MARC21/slim">

  <leader>02458    a2200205   4500</leader>
  <controlfield tag="001">39711</controlfield>
  <controlfield tag="005">20260407155654.0</controlfield>
  <controlfield tag="008">260407a1963    arg                 spa d</controlfield>
  <controlfield tag="003">AR-UNSa-BCEJYS</controlfield>
  <datafield tag="040" ind1=" " ind2=" ">
    <subfield code="a">AR-UNSa-BCEJYS</subfield>
    <subfield code="b">spa</subfield>
    <subfield code="c">AR-UNSa-BCEJYS</subfield>
  </datafield>
  <datafield tag="080" ind1=" " ind2=" ">
    <subfield code="a">330</subfield>
    <subfield code="x">Econom&#xED;a en general</subfield>
  </datafield>
  <datafield tag="245" ind1="1" ind2="0">
    <subfield code="a">Econom&#xED;a</subfield>
  </datafield>
  <datafield tag="264" ind1=" " ind2="1">
    <subfield code="a">M&#xE9;xico :</subfield>
    <subfield code="b">Uni&#xF3;n Tipogr&#xE1;fica Editorial Hispano-Americana (UTEHA)</subfield>
    <subfield code="c">1963</subfield>
  </datafield>
  <datafield tag="300" ind1=" " ind2=" ">
    <subfield code="a">xvii, 674 p.</subfield>
    <subfield code="c">23 cm.</subfield>
  </datafield>
  <datafield tag="505" ind1=" " ind2=" ">
    <subfield code="a">Parte I: Introducci&#xF3;n : 1. El sistema econ&#xF3;mico y sus problemas - 2. La econom&#xED;a a vista de p&#xE1;jaro - Parte II: Dinero, ingreso, empleo y temas conexos: 3. Dinero - 4. El dinero y los precios - 5. La banca y la oferta de dinero - 6. El sistema de la reserva federal - 7. Ingreso agregado -  su significado y medici&#xF3;n - 8. Determiaci&#xF3;n del ingreso agregado - 9. Determinaci&#xF3;n del ingreso agregado( continuaci&#xF3;n) - 10. Las fluctuaciones econ&#xF3;micas - 11. Pol&#xED;tica monetaria y fiscal hacia la estabilizaci&#xF3;n econ&#xF3;mica - 12. La deuda p&#xFA;blica - 13. El gasto p&#xFA;blico - 14. Los impustos - 15. El crecimiento econ&#xF3;mico - Parte III : Determinaci&#xF3;n de los precios, distribuci&#xF3;n de los recursos y problemas conexos : 16. Organizaci&#xF3;n financiera de la unidad econ&#xF3;mica - 17. Especializaci&#xF3;n y escala y localizaci&#xF3;n de la producci&#xF3;n - 18. Naturaleza y significaci&#xF3;n de la demanda - 18. Naturaleza y significaci&#xF3;n de la demanda - 19. Oferta y precio - 20. El costo de producci&#xF3;n de la empresa en el per&#xED;odo corto - 21. Determinaci&#xF3;n de los precios a plazo corto en competencia pura - 22. Determinaci&#xF3;n de los precios a plazo largo en competencia pura - 23. Determinaci&#xF3;n de los precios en el monopolio, el oligopolio y la competencia monopol&#xED;stica - 24. Regulaci&#xF3;n del monopolio y de las pr&#xE1;cticas monopolizadoras - 25. Productividad marginal y distribuci&#xF3;n del ingreso - 26. Salarios - 27. La organizaci&#xF3;n laboral y la legisaci&#xF3;n del trabajo - 28. Inter&#xE9;s, renta y ganancias - Parte IV : Algunos topicos y problemas econ&#xF3;micos especiales: 29. Comercio internacionaly balanza de pagos - 30. Cambio extranjero y ajustes internacionales - 31. La pol&#xED;tica econ&#xF3;mica internacional y sus problemas - 32. Algunos problemas econ&#xF3;micos de la agricultura - 33. Desarrollo econ&#xF3;mico de los pa&#xED;ses subdesarrollado - 34. Sistemas econ&#xF3;micos alternos.
</subfield>
  </datafield>
  <datafield tag="942" ind1=" " ind2=" ">
    <subfield code="c">BK</subfield>
  </datafield>
  <datafield tag="590" ind1=" " ind2=" ">
    <subfield code="a">niveau_biblio:m niveau_hierar:0</subfield>
  </datafield>
  <datafield tag="100" ind1="1" ind2=" ">
    <subfield code="a">Fern&#xE1;ndez Cepero, Manuel de J.</subfield>
  </datafield>
  <datafield tag="700" ind1="1" ind2=" ">
    <subfield code="a">Guthrie, John A.</subfield>
  </datafield>
  <datafield tag="999" ind1=" " ind2=" ">
    <subfield code="c">3092</subfield>
    <subfield code="d">3092</subfield>
  </datafield>
  <datafield tag="952" ind1=" " ind2=" ">
    <subfield code="0">0</subfield>
    <subfield code="1">0</subfield>
    <subfield code="4">0</subfield>
    <subfield code="7">0</subfield>
    <subfield code="a">BCEJYS</subfield>
    <subfield code="b">BCEJYS</subfield>
    <subfield code="c">16</subfield>
    <subfield code="d">2026-04-07</subfield>
    <subfield code="l">0</subfield>
    <subfield code="o">330 G984</subfield>
    <subfield code="p">L24572</subfield>
    <subfield code="r">2026-04-07 15:56:54</subfield>
    <subfield code="w">2026-04-07</subfield>
    <subfield code="y">L</subfield>
  </datafield>
  <datafield tag="952" ind1=" " ind2=" ">
    <subfield code="0">0</subfield>
    <subfield code="1">0</subfield>
    <subfield code="4">0</subfield>
    <subfield code="7">0</subfield>
    <subfield code="a">BCEJYS</subfield>
    <subfield code="b">BCEJYS</subfield>
    <subfield code="c">16</subfield>
    <subfield code="d">2026-04-07</subfield>
    <subfield code="l">0</subfield>
    <subfield code="o">330 G984</subfield>
    <subfield code="p">L24571</subfield>
    <subfield code="r">2026-04-07 15:56:54</subfield>
    <subfield code="w">2026-04-07</subfield>
    <subfield code="y">L</subfield>
  </datafield>
</record>
